[Event "NED-ch U12 op"]
[Site "Borne"]
[Date "2019.08.07"]
[Round "7"]
[White "De Keukelaere, Ruben"]
[Black "Sapulette, Jay Giani"]
[Result "0-1"]
[WhiteElo "700"]
[BlackElo "908"]
[PlyCount "52"]
[EventDate "2019.08.05"]
[EventType "swiss"]
[EventRounds "13"]
[EventCountry "NED"]
[SourceTitle "EXT 2020"]
[Source "ChessBase"]
[SourceDate "2019.10.17"]
[SourceVersion "1"]
[SourceVersionDate "2019.10.17"]
[SourceQuality "1"]

1. e4 e5 2. Nf3 Nc6 3. Bc4 Nf6 4. d3 d5 5. Bb5 dxe4 6. dxe4 Qxd1+ 7. Kxd1 Bg4 8. Nc3 Bb4 9. Bd2 0-0-0 10. Kc1 Bxc3 11. Bxc3 Bxf3 12. gxf3 Nd4 13. Bxd4 Rxd4 14. Rg1 Rhd8 15. Be2 g6 16. b3 Nh5 17. Kb2 Nf4 18. Bc4 R8d7 19. Bb5 c6 20. Bc4 b5 21. Bf1 Rd1 22. Be2 Rxa1 23. Rxa1 Nxe2 24. Re1 Nf4 25. Kc1 Kb7 26. Rd1 Ne2+ 0-1

[Event "NED-ch U12 op"]
[Site "Borne"]
[Date "2019.08.07"]
[Round "6"]
[White "Sapulette, Jay Giani"]
[Black "Cappan, Stan"]
[Result "0-1"]
[WhiteElo "908"]
[BlackElo "1319"]
[PlyCount "92"]
[EventDate "2019.08.05"]
[EventType "swiss"]
[EventRounds "13"]
[EventCountry "NED"]
[SourceTitle "EXT 2020"]
[Source "ChessBase"]
[SourceDate "2019.10.17"]
[SourceVersion "1"]
[SourceVersionDate "2019.10.17"]
[SourceQuality "1"]

1. e4 e5 2. Nf3 Nf6 3. Nxe5 Qe7 4. d4 d6 5. Nf3 Nxe4 6. Qe2 Bg4 7. Nbd2 Nxd2 8. Qxe7+ Bxe7 9. Bxd2 Bxf3 10. gxf3 0-0 11. Rg1 Re8 12. 0-0-0 Bf6 13. c3 Nd7 14. d5 Nb6 15. Be3 Re5 16. Bd4 Bg5+ 17. f4 Bxf4+ 18. Kc2 Rg5 19. Bd3 Rxg1 20. Rxg1 Be5 21. Bxe5 dxe5 22. c4 Re8 23. Re1 Nd7 24. f4 f6 25. b4 Kf7 26. Rg1 e4 27. Be2 g6 28. h4 f5 29. h5 Nf6 30. Rh1 Ng4 31. hxg6+ hxg6 32. Rh7+ Kf6 33. Rxc7 g5 34. d6 gxf4 35. Bxg4 fxg4 36. Kd2 f3 37. Ke1 g3 38. Kf1 e3 39. Rxb7 e2+ 40. Ke1 f2+ 41. Kd2 e1Q+ 42. Kc2 Re2+ 43. Kb3 Qd1+ 44. Ka3 Re3+ 45. Kb2 Qd2+ 46. Kb1 Re1# 0-1